000 01452cam a2200133 4500500
005 20251214002555.0
041 _afre
042 _adc
100 1 0 _aBury, Emmanuel
_eauthor
245 0 0 _aHistoire littéraire du 17e siècle
260 _bArmand Colin,
_c2015.
520 _aCet ouvrage offre, dans un premier temps, une présentation d’ensemble du siècle, selon un cadre historique qui rappelle les inflexions du contexte, politique et culturel : sans préjuger d’un déterminisme qui placerait la littérature en position de « reflet » des évolutions de l’histoire, il s’agit plutôt de définir la succession de moments dans lesquels elle s’est développée, et les réalités auxquelles elle a été confrontée. L’auteur, par la suite, caractérise les grands traits de la culture littéraire du siècle, entre héritage de l’humanisme et volonté de fonder une littérature nationale, puis de revenir sur ce que peut signifier l’idée même de littérature durant cette période de l’Ancien Régime. Les deux derniers chapitres tentent d’esquisser la physionomie spécifique des productions « littéraires » du XVIIe siècle, avant de revenir sur le legs que la pensée littéraire de cette période a laissé à la conception de la littérature française dans la longue durée.
856 4 1 _uhttps://shs.cairn.info/histoire-litteraire-du-17e-siecle--9782200601836?lang=fr&redirect-ssocas=7080
999 _c1567145
_d1567145